Normal view
MARC view
- التمثيل - الكوميديا - فنانين عرب - تراجم - السيرة الذاتية
Entry Topical Term
001 - CONTROL NUMBER
- control field: 16106
003 - CONTROL NUMBER IDENTIFIER
- control field: JO-AjAnu
005 - DATE AND TIME OF LATEST TRANSACTION
- control field: 20230606072852.0
008 - FIXED-LENGTH DATA ELEMENTS
- fixed length control field: 230606|| aca||aabn | a|a d
040 ## - CATALOGING SOURCE
- Original cataloging agency: JO-AjAnu
- Transcribing agency: JO-AjAnu
150 ## - HEADING--TOPICAL TERM
- Topical term or geographic name entry element: التمثيل - الكوميديا - فنانين عرب - تراجم - السيرة الذاتية
670 ## - SOURCE DATA FOUND
- Source citation: Work cat.: (JO-AjAnu)8267: جركس، رياض, author 16105, نجوم الكوميديا: السيرة الحزينة